| 000 -ლიდერი |
| ფიქსირებული სიგრძის საკონტროლო ველი |
00891nam a2200217Ia 4500 |
| 001 - საკონტროლო ნომერი |
| საკონტროლო ველი |
5792 |
| 003 - საკონტროლო ნომრის იდენტიფიკატორი |
| საკონტროლო ველი |
GE_BSU |
| 005 - ბოლო ოპერაციის თარიღი და დრო |
| საკონტროლო ველი |
20190624163626.0 |
| 008 - ფიქსირებული სიგრძის მონაცემთა ელემენტები - ზოგადი ინფორმაცია |
| ფიქსირებული სიგრძის საკონტროლო ველი |
181216s1965|||| |||||||||||||| ||geo|| |
| 041 ## - ენის კოდი |
| Language code of text/sound track or separate title |
geo |
| 080 ## - უნივერსალური ათობითი კლასიფიკაციის ინდექსი |
| Universal Decimal Classification number |
621.314.1/5(075.8) რ-76 |
| 100 ## - მთავარი ჩანაწერი - პიროვნების სახელი |
| Personal name |
რაზმაძე, შ. |
| 9 (RLIN) |
2843 |
| 245 ## - ცნობა სათაურის შესახებ |
| Title |
დენის გარდამქნელები : დამხმ. სახელმძღ. / |
| Statement of responsibility, etc |
შ. რაზმაძე ; რედ : ვ.კობიაშვილი. |
| 264 ## - წარმოების, გამოცემის, დისტრიბუციის და სხვა ცნობები |
| გამოცემის, წარმოების, დისტრიბუციის... ადგილი |
თბილისი : |
| გამოცემის, წარმოების, დისტრიბუციის... სახელწოდება |
განათლება, |
| გამოცემის, წარმოების, დისტრიბუციის... თარიღი |
1965. |
| 300 ## - ფიზიკური აღწერა |
| Extent |
486 გვ .: |
| Other physical details |
ნახ. |
| Dimensions |
22 სმ. |
| 504 ## - BIBLIOGRAPHY, ETC. NOTE |
| Bibliography, etc |
იბლიოგრ.:გვ.477-480 |
| 653 ## - INDEX TERM--UNCONTROLLED |
| Uncontrolled term |
დენის გარდამქნელები |
| 653 ## - INDEX TERM--UNCONTROLLED |
| Uncontrolled term |
ტექნიკა |
| 700 ## - ADDED ENTRY--PERSONAL NAME |
| Personal name |
კობიაშვილი, ვ |
| Relator term |
რედაქტორი |
| 9 (RLIN) |
2844 |
| 942 ## - ADDED ENTRY ELEMENTS (KOHA) |
| Koha item type |
წიგნი |
| Source of classification or shelving scheme |
|